Designing SQL server 2000 databases for .net enterprise servers.

The Microsoft .NET initiative is the future of e-commerce - making it possible for organisations to build a secure, reliable e-commerce infrastructure. This is the first book to outline the capabilities of SQL Server 2000, one of the key components of .NET. SQL Server 2000 introduces powerful new da...

Full description

Bibliographic Details
Corporate Author: ScienceDirect (Online service)
Format: eBook
Language:English
Published: Rockland, MA : Syngress, ©2001.
©2001
Series:Global knowledge professional reference.
Subjects:
Online Access:Connect to the full text of this electronic book

MARC

Tag First Indicator Second Indicator Subfields
LEADER 00000cam a2200000 a 4500
001 in00005729607
005 20260326144245.9
006 m o d
007 cr cn|||||||||
008 030122s2001 maua o 001 0 eng d
040 |a N$T  |b eng  |e pn  |c N$T  |d BAKER  |d OCLCQ  |d TUU  |d OCLCQ  |d TNF  |d OCLCQ  |d OCLCF  |d VVN  |d COO  |d B24X7  |d OPELS  |d ZCU  |d IDEBK  |d E7B  |d OCLCQ  |d UMI  |d DEBBG  |d YDXCP  |d OCLCQ  |d SUR  |d PIFBR  |d LIV  |d OCLCQ  |d OCLCO  |d WY@  |d LUE  |d STF  |d D6H  |d CEF  |d EZ9  |d OCLCQ  |d OCLCO  |d NLE  |d INT  |d TOF  |d OCLCQ  |d OCLCO  |d UAB  |d LEAUB  |d OL$  |d VVJ  |d UKMGB  |d TUHNV  |d NLW  |d INARC  |d OCLCO  |d OCLCQ  |d OCLCO  |d SXB  |d OCLCQ  |d OCLCL  |d OCLCQ 
015 |a GBB738651  |2 bnb 
016 7 |a 017548602  |2 Uk 
019 |a 48011226  |a 55234508  |a 162598228  |a 507020866  |a 648302024  |a 856952296  |a 900796076  |a 961675512  |a 962586734  |a 984869136  |a 992012493  |a 1035670285  |a 1047528941  |a 1052077761  |a 1053086051  |a 1064202612  |a 1128010513  |a 1243601086  |a 1275169918 
020 |a 1931836205  |q (electronic bk.) 
020 |a 9781931836203  |q (electronic bk.) 
020 |a 9781928994190 
020 |a 1928994199 
020 |a 9780080477190 
020 |a 0080477194 
020 |z 9781928994213 
024 3 |a 9780080477190 
035 |a (OCoLC)51502486  |z (OCoLC)48011226  |z (OCoLC)55234508  |z (OCoLC)162598228  |z (OCoLC)507020866  |z (OCoLC)648302024  |z (OCoLC)856952296  |z (OCoLC)900796076  |z (OCoLC)961675512  |z (OCoLC)962586734  |z (OCoLC)984869136  |z (OCoLC)992012493  |z (OCoLC)1035670285  |z (OCoLC)1047528941  |z (OCoLC)1052077761  |z (OCoLC)1053086051  |z (OCoLC)1064202612  |z (OCoLC)1128010513  |z (OCoLC)1243601086  |z (OCoLC)1275169918 
037 |a 100788:100798  |b Elsevier Science & Technology  |n http://www.sciencedirect.com 
050 4 |a QA76.9.C55  |b D47 2001eb 
072 7 |a COM  |x 061000  |2 bisacsh 
082 0 4 |a 004/.36  |2 21 
049 |a TXAM 
245 0 0 |a Designing SQL server 2000 databases for .net enterprise servers. 
246 3 0 |a SQL server 2000 databases for .net enterprise servers 
246 1 8 |a SQL server 2000 for .net 
260 |a Rockland, MA :  |b Syngress,  |c ©2001. 
264 4 |c ©2001 
300 |a 1 online resource (xxx, 716 pages) :  |b illustrations 
336 |a text  |b txt  |2 rdacontent 
337 |a computer  |b c  |2 rdamedia 
338 |a online resource  |b cr  |2 rdacarrier 
490 1 |a Global knowledge professional reference 
500 |a Includes index. 
588 0 |a Print version record. 
520 |a The Microsoft .NET initiative is the future of e-commerce - making it possible for organisations to build a secure, reliable e-commerce infrastructure. This is the first book to outline the capabilities of SQL Server 2000, one of the key components of .NET. SQL Server 2000 introduces powerful new data mining functionality designed specifically to capture and process customer profiles and to predict future buying patterns on e-commerce sites. Designing SQL Server 2000 Databases for NET Enterprise Servers addresses the needs of IT professionals migrating from the popular SQL 7 databases to the new SQL 2000, as well as those who are starting from scratch. * Covers all key features of SQL Server 2000 including; XML support, enhanced data-mining capabilities and integration with Windows 2000 * While there are many books available on SQL 7 - this is the first to be announced for SQL 2000 * Free ongoing customer support and information upgrades. 
540 |a Restricted: Printing from this resource is governed by The Legal Deposit Libraries (Non-Print Works) Regulations (UK) and UK copyright law currently in force.  |5 WlAbNL 
630 0 0 |a SQL server. 
630 0 0 |a SQL/DS. 
630 0 7 |a SQL/DS  |2 fast 
630 0 7 |a SQL server  |2 fast 
650 0 |a Client/server computing. 
650 0 |a Database management. 
650 0 |a Database design. 
650 0 |a Web databases. 
650 6 |a Architecture client-serveur (Informatique) 
650 6 |a Bases de données  |x Gestion. 
650 6 |a Bases de données  |x Conception. 
650 6 |a Bases de données sur le Web. 
650 7 |a COMPUTERS  |x Client-Server Computing.  |2 bisacsh 
650 7 |a Client/server computing  |2 fast 
650 7 |a Database design  |2 fast 
650 7 |a Database management  |2 fast 
650 7 |a Web databases  |2 fast 
655 7 |a Electronic books.  |2 local 
710 2 |a ScienceDirect (Online service) 
776 0 8 |i Print version:  |t Designing SQL server 2000 databases for .net enterprise servers.  |d Rockland, MA : Syngress, ©2001  |z 1928994199  |w (OCoLC)46461763 
830 0 |a Global knowledge professional reference. 
856 4 0 |u http://proxy.library.tamu.edu/login?url=https://www.sciencedirect.com/science/book/9781928994190  |z Connect to the full text of this electronic book  |t 0 
955 |a Elsevier ScienceDirect 2026-2027 
955 |a Safari/O'Reilly ebooks 
994 |a 92  |b TXA 
999 f f |i f8e34d49-8ac9-4021-a0cb-870da92507b9  |s 734c6135-4e1b-44e7-99dd-79be3360205a  |t 0 
952 f f |a Texas A&M University  |b College Station  |c Electronic Resources  |s www_evans  |d Available Online  |t 0  |e QA76.9.C55 D47 2001eb  |h Library of Congress classification 
998 f f |a QA76.9.C55 D47 2001eb  |t 0  |l Available Online